000 00219 a2200097 4500
001 30761
100 _aNewton, R G
245 _aActing Improvised
260 _aNew York
_bThomas Nelson & Sons
_c
090 _c20693
_d20693
942 _aNUST-CAE
_cM
_c11884
999 _c265834
_d265834